| 000 | 00987cam a2200289 a 4500 | ||
|---|---|---|---|
| 001 | 2262734 | ||
| 005 | 20150504122108.0 | ||
| 008 | 980410r20121999ii a frb 001 0 eng | ||
| 020 | _a9788126533459 | ||
| 040 |
_aDLC _beng _cDLC _dC#P _dUKM _dOrLoB-B _dEG-ScBUE |
||
| 082 | 0 | 4 |
_a621.3822 _bPAL _222 |
| 100 | 1 |
_aPallaÌs-Areny, RamoÌn. _937817 |
|
| 245 | 1 | 0 |
_aAnalog signal processing / _cRamon Pallas-Areny, John G. Webster. |
| 260 |
_aNew Delhi : _bWiley India (P.) Ltd. : _bJohn Wiley & Sons, Inc., _c2012. |
||
| 300 |
_axv, 586 p. : _bill. ; _c23 cm. |
||
| 500 | _aIndex : p. 573-586. | ||
| 500 | _aReprint of the 1999 ed. | ||
| 500 | _aIncludes appendices. | ||
| 504 | _aIncludes bibliographical references. | ||
| 650 | 7 |
_aLinear integrated circuits. _2BUEsh _933900 |
|
| 650 | 7 |
_aSignal processing. _2BUEsh _936943 |
|
| 651 | _2BUEsh | ||
| 653 |
_bENGGEN _cMay2015 |
||
| 655 |
_vreading book _934232 |
||
| 700 | 1 |
_aWebster, John G., _d1932- _937818 |
|
| 942 |
_2ddc _k621.3822 PAL |
||
| 999 |
_c19256 _d19228 |
||